[Event "Turnier 40 / 120"]
[Site "Wien"]
[Date "2022.08.07"]
[Round "38"]
[White "Mephisto Berlin 68000 - 12 MHZ"]
[Black "Novag Diamond II H8 - 32 MHZ"]
[Result "1-0"]
[BlackElo "2135"]
[WhiteElo "2138"]

{Analyse --> Komodo 13.02.} 1. d4 Nf6 2. c4 e6 3. Nc3 Bb4 4. e3 O-O 5. Bd3
d5 6. Nf3 c5 7. O-O dxc4 8. Bxc4 Nbd7 9. Qe2 b6 10. Rd1 cxd4 11. exd4 Bb7
12. d5 Bxc3 {Buchende} 13. dxe6 Bxf3 {Buchbewertung Novag Diamond II:
-0,50} 14. Qxf3 Ne5 15. exf7+ Kh8 16. Rxd8 Nxf3+ 17. gxf3 {Buchende} Rfxd8?
{klarer Buchvorteil für Mephisto Berlin 68000, der auch den weit besseren
Zug Taxd8 noch gespeichert hatte, nach dem Textzug steht Weiss bereits klar
besser, Komodo +0,80, nach Taxd8 wäre die Stellung exakt im Lot gewesen.}
18. bxc3 Rd1+ 19. Kg2 Nd7 20. Bb3 Re1 21. Bb2 Rxa1? {ein ganz schlechter
Zug, danach ist die Partie praktisch schon verloren, Komodo -1,50 deutlich
besser ist Te2} 22. Bxa1 Ne5? {ein ganz schwache Vorstellung von Novag
Diamond II, danach ist die Partie endgültig verloren, Komodo -3,00,
deutlich besser ist Sf6, eine überaus enttäuschende Partie auch darum, da
es eine 100% ige Parallele zu Runde 40 meines vorigen Wettkampfes
darstellt, denn auch zwischen Novag Diamond und Mephisto Berlin gab es
diese Partie mit exakt gleichem Spielverlauf, Novag Diamond II macht exakt
die gleichen Fehler und macht es um nichts besser als sein Vorgänger} 23.
Bb2? {ein schwacher Zug, der den Vorteil von Weiss deutlich reduziert,
Komodo "nur" noch +1,30 für Weiss mit der Fortsetzung Tf8} Rf8 24. Ba3 Rxf7
25. Bxf7 Nxf7 26. c4 {deutlich schwächer als Kg3, Komodo +1,10 (Kg3 wäre
bereits +2,00)} Ne5 27. c5 Kg8??? {es bleibt dabei eine 100% ige Parallelle
zu Novag Diamond, Diamond II macht genau die gleichen Fehler, nach dem
Textzug ist die Partie entschieden, Komodo -3,60, deutlich besser ist
natürlich bxc5 mit ca. -1,50} 28. Bb2? {deutlich schwächer als f4, dennoch
steht Weiss klar auf Gewinn, Komodo +2,50} Nc6 29. cxb6 axb6 30. a4 Kf7
{die Stellung ist verloren für Schwarz, Komodo -3,50} 31. f4 g6 32. Be5 Nb4
{ganz schlecht, deutlich mehr Widerstand leistet noch Ke6, Komodo -4,50}
33. Bd4 Nd5 34. Kf3 h5 35. Ke4 Ke6 36. f3 h4 37. h3 Kd6 38. f5 gxf5+ 39.
Kxf5 Kc6 40. Kg4 {Rest geschenkt} 1-0
[/pgn]
[pgn]

[Event "Turnier 40 / 120"]
[Site "Wien"]
[Date "2022.08.08"]
[Round "39"]
[White "Novag Diamond II H8 - 32 MHZ"]
[Black "Mephisto Berlin 68000 - 12 MHZ"]
[Result "1/2-1/2"]
[BlackElo "2138"]
[WhiteElo "2135"]

{Analyse ----> Komodo 13.02.} 1. d4 Nf6 2. c4 e6 3. Nf3 b6 4. a3 Bb7 5. Nc3
d5 6. cxd5 Nxd5 7. Qc2 Nxc3 8. bxc3 c5 9. e4 Nc6 10. Bb2 Be7 11. Rd1 cxd4
12. cxd4 O-O 13. Bd3 Rc8 14. Qe2 Na5 15. O-O Bf6 {Buchende} 16. Rfe1
{Buchende} Qe7 {Buchbewertung Mephisto Berlin 68000: -0,21} 17. Bb5
{Buchbewertung Novag Diamond II: +0,19 / lt. Komodo ist die Stellung exakt
gleich 0,00} Rfd8 18. Rc1 Rxc1 19. Rxc1 Nb3 20. Rd1 Na5 21. h3 Qd6 22. Rc1
Nb3 23. Rc4 Qf4 24. e5 Bxf3 25. Qxf3 Qxf3 26. gxf3 Bg5 27. Kg2 h5 28. Ba4
Nd2 29. Rc7 a6 30. Bc2 {die Stellung ist im Lot, Komodo 0,00} b5 31. Bc3
Nc4 32. a4 Nb6 33. axb5 Nd5 34. b6 Nxb6 35. Be4 Nd5 36. Bxd5 Rxd5 {die
Stellung ist immer noch im Lot, Komodo 0,00} 37. Ra7 Bh4 {besser ist Lf4,
nach dem Textzug ist Weiss leicht im Vorteil mit ca. +0,60} 38. Rxa6 Rd7
39. Ra5 {klar schwächer als f4, die Stellung ist wieder im Lot} Kh7 40. f4
Kg6 41. Kf3 Kf5 {schon sehr remisverdächtig} 42. Ke3 Rc7 43. Rc5 Rb7 44. d5
exd5 45. Rxd5 Rb3 46. Rd3 Ra3 47. Ke2 g6 48. Ke3 Be7 49. Kd4 Ra4+ 50. Kd5
Rxf4 51. Bd4 Bh4 52. f3 g5 53. Rc3 Kg6 54. Rb3 Bg3 55. Ra3 Rh4 56. Ra6+ Kh7
57. Rf6 Kg8 58. Rh6 Bh2? {ein schwacher Zug, danach steht Weiss besser,
Komodo +1,00 mit der Fortsetzung Lc3, nötig war Tf4 und alles ist exakt im
Lot} 59. Bc3 Rf4? {deutlich besser ist Lg1, nach dem Textzug ist Weiss im
Vorteil mit der Fortsetzung Th8+} 60. Rh8+! {mit diesem richtigen Zug
überrascht Novag Diamond II seinen Gegner, der mit Txh5 gerechnet hatte.}
Kxh8 61. e6+ Kh7 62. e7 Rf5+ 63. Kc4 Be5 64. e8=Q Rf4+ 65. Kb3 Bxc3 66.
Kxc3 Rxf3+ 67. Kd2 {etwas Vorteil versprach noch Kd4 aber auch danach ist
es kaum zu gewinnen, obwohl Komodo 13.02. sieht hier noch einen Vorteil von
+2,50 für Weiss, während lt. Stockfish 15 ist es damit bereits Remis 0,00
!!!} Rf6 {hier versagt auch mal Komodo 13.02 mal wieder, der glaubt immer
noch an +2,40 für Weiss, aber wie soll das zu gewinnen sein, der Schwarze
Turm kann nach f4 gehen und ist dort sicher gedeckt und der weisse König
kann die F-Linie niemals passieren und alle schwarzen Bauern sind ebenso
sicher gedeckt, Stockfish 15 liegt hier wohl richtig, es ist nicht mehr zu
gewinnen !!!} 68. Qc8 Kg7 69. Ke2 Re6+ 70. Kf3 Rb6 {Komodo 13.02. immer
noch +2,50 ?? / lt. Stockfish 15 Remis} 71. Qc5 Rb3+??? {dieser Zug
verliert allerdings die Partie, Komodo -2,60 / Stockfish 15 -3,30, nötig
war Tf6+ und es ist wohl Remis} 72. Ke4??? {das ist allerdings ganz
schlecht, lt. Komodo immer noch +2,60 für Weiss, aber Komodo 13.02.
offenbart hier überraschend gravierende Schwächen, lt. Stockfish 15 ist
Weiss damit nur noch mit +0,60 im Vorteil mit der Fortsetzung g4, nötig war
Kg2 und Weiss gewinnt, also hier kommen echte Zweifel an der
Zuverlässigkeit von Komodo 13.02. auf, er schlägt hier tatsächlich Txh3 ???
vor, was er auch mit -3,00 bewertet, das stimmt zwar, aber den rettenden
Zug g4 !!! sieht er nicht, lt. Stockfish 15 verliert Txh3 mit ca. -3,50}
Rxh3? {ein spielentscheidender Fehler, aber ob er ein Fragezeichen verdient
ist auch fraglich, denn wie gesagt, selbst Komodo 13.02. hätte ihn gemacht,
UNGLAUBLICH !!!} 73. Qxg5+ Kf8 74. Kf4??? {doch dieses Endspiel ist voller
Tüken und überfordert man muss allerdings sagen aus verständlichen Gründen
beide Geräte, Damen auf offenem Brett das kennt man ja, ist einfach nicht
spielbar für unsere Oldies, nach dem Textzug ist die Partie Remis,
Stockfish 15 0,00 mit der Fortsetzung h4 / Komodo 13.02. sieht ebenfalls
mit h4 noch Weiss im Vorteil mit +2,60, also das kann man den Oldies
wahrlich nicht übel nehmen, selbst Komodo 13.02. ist mit dieser Stellung
HOFFNUNGSLOS überfordert !!!, gewonnen hätte Dd8+} h4 75. Qd5 Kg7 {Komodo
13.02. +2,60 / Stockfish 15 0,00} 76. Kf5 Rg3 77. Qd4+ {Novag Diamond II
sieht hier klaren Gewinn: +3,88, das kann man ihm aber nicht verübeln denn
selbst Komodo 13.02. sieht hier +2,50 / Stockfish 15 0,00, es ist trotz der
Dame nur Remis !!!, klar der schwarze Turm kann ja vom Bauern gedeckt
werden und ist unangreifbar, aber dieser Weitblick ist selbst Komodo 13.02
eine Nummer zu gross, echt unglaublich für eine Engine 3500+, das würde
selbst ein Hobbyspieler erkennen ????? VÖLLIG UNVERSTÄNDLICH !!!} Kg8
{Mephisto Berlin 68000: -3,09} 78. Qxh4 Rg6 {damit ist natürlich das Remis
besiegelt, der Turm ist unangreifbar Stockfish 15: 0,00 / Komodo 13.02:
immer noch +2,50 wie will er das gewinnen ??? völlig unklar selbt im 50. HZ
ändert er seine Meinung nicht} 79. Qd8+ Kg7 80. Qd4+ {Komodo 13.02.
bewertet die Endposition mit +2,50 für Weiss, ich gebe es hier jedoch
Remis, Stockfish 15: 0,00 / der schwarze Turm ist unangreifbar.} 1/2-1/2
[/pgn]
[pgn]

[Event "Turnier 40 / 120"]
[Site "Wien"]
[Date "2022.08.09"]
[Round "40"]
[White "Mephisto Berlin 68000 - 12 MHZ"]
[Black "Novag Diamond II H8 - 32 MHZ"]
[Result "1/2-1/2"]
[BlackElo "2135"]
[WhiteElo "2138"]

{Analyse ----> Stockfish 15} 1. e4 e5 2. Nf3 Nc6 3. Bc4 Bc5 4. d3 Nf6 5. c3
d6 6. b4 Bb6 7. a4 a6 8. h3 h6 9. Qb3 {Buchende} Qe7 {Buchende} 10. a5
{Buchbewertung Mephisto Berlin 68000: +0,36} Ba7 {Buchbewertung Novag
Diamond II: -0,38 / lt. Stockfish steht Weiss eine Nuance besser mit ca.
+0,20} 11. Nbd2 O-O 12. O-O Nh5 13. Kh1 Nf4 14. b5? {ein ganz schwacher
Zug, danach ist Schwarz klar im Vorteil, Stockfish +1,60 mit der
Fortsetzung axb5, nötig war Dd1 mit nur sehr geringem Vorteil für Schwarz
mit ca. +0,30} axb5 15. Qxb5 Qd7 16. Bd5??? {Mephisto Berlin 68000: -0,48
in der Erwartung von Lb6, er übersieht den gewinnbringenden Einschlag auf
g2, ein wahrer Katastrophenzug, danach ist die Partie sofort verloren,
Stockfish -5,00 mit der Fortsetzung Sxg2, den Schaden begrenzen konnte Sg1
mit ca. -1,60} Nxg2! {diesmal nützt Novag Diamond II die Chance mit einer
Bewertung von +2,50} 17. Ng1 {Mephisto Berlin 68000: -1,72} Nf4 18. a6
Nxd5? {besser ist Lb6, aber Schwarz steht klar auf Gewinn, Stockfish +4,00}
19. exd5 Nd8 20. axb7 Nxb7 21. Qc4 Nc5?? {ein ganz schlechter Zug, der den
Vorteil von Schwarz mehr als halbiert, Stockfish +1,80 mit der Fortsetzung
d4, nötig war Sd8 mit +4,00} 22. d4 exd4? {nochmals ganz schwach, danach
ist nahezu der gesamte Vorteil dahin, Stockfish nur noch +0,70} 23. cxd4
Nb7 24. Bb2??? {doch hier kommt der nächste absolute Verlustzug, danach ist
die Partie sofort wieder verloren, Stockfish -4,50 mit der Fortsetzung Sd8}
Re8??? {diese höchst komplizierte Stellung überfordert hoffnungslos beide
Geräte, dieser Zug verschenkt auf einen Schlag den gesamten Vorteil, danach
ist die Stellung wieder im Lot mit der Fortsetzung Dc6} 25. Ra3??? {naja es
war nicht anders zu erwarten, es geht weiter mit der
Orientierungslosigkeit, danach ist die Partie wieder verloren, Stockfish
-3,50 mit der Fortsetzung Sd8} Nd8 26. Rfa1 c6??? {verschenkt neuerlich den
gesamten Vorteil, Stockfish 0,00, sofort gewonnen hätte Df5 !! , das muss
man aber auch erst mal sehen, da ja der Läufer a7 hängt.} 27. dxc6 Nxc6 28.
d5 Ne5 29. Qa2 Re7 30. Ne4 {besser ist Lxe5, nach dem Textzug ist Schwarz
wieder etwas im Vorteil mit ca. +0,70 mit der Fortsetzung Dd8} f5? {so
allerdings nicht, danach ist die Stellung wieder im Lot mit der Fortsetzung
Lxe5} 31. Bxe5 fxe4 {aufgrund der Fesselung des La7 ist der komplette
Vorteil von Schwarz dahin, die Stellung ist im Lot} 32. Bf4 Rf7 33. Be3
Bxe3 34. Rxa8 Rxf2 35. Qc4 Bf4 {besser ist Tf8 nach dem Textzug ist Weiss
bereits leicht im Vorteil Stockfish +0,30 mit der Fortsetzung T1a2} 36.
R1a2 Rxa2 37. Qxa2 Kh7 38. Qc2 Bb7 39. Ra7 Qb5 40. Qxe4+ Kg8 41. Rxb7 Qxb7
42. Qxf4 Qxd5+ {bei optimaler Verteidigung sollte Schwarz das Remis halten
können, Stockfish -0,20} 43. Nf3 Qf7 {besser ist Dd3, Stockfish +0,40 für
Weiss} 44. Qxf7+ {besser ist De4, nach dem Textzug ist die Partie Remis,
Stockfish 0,00} Kxf7 45. Kg2 g5 46. Kf2 Kf6 47. Nd4 d5 48. Ne2 Ke6 49. Kf3
Kf5 50. Ng3+ Ke5 51. Ke3 d4+ 52. Kf3 Kd5 53. Nf5 h5 54. Ke2 Ke5 55. Ng3 h4
56. Nf1 Kf4 57. Kf2 g4 58. hxg4 Kxg4 {Wieder verschenkt Novag Diamond II
einen halben Punkt} 1/2-1/2
[/pgn]
[pgn]

[Event "Turnier 40 / 120"]
[Site "Wien"]
[Date "2022.08.09"]
[Round "41"]
[White "Novag Diamond II H8 - 32 MHZ"]
[Black "Mephisto Berlin 68000 - 12 MHZ"]
[Result "1/2-1/2"]
[BlackElo "2138"]
[WhiteElo "2135"]

{Analyse ----> Stockfish 15} 1. e4 e5 2. Nf3 f5 3. Nxe5 Qf6 4. Nc4 fxe4 5.
Nc3 Qf7 6. d4 Bb4 7. Bd2 {ein schwacher Buchzug mit Se5 wäre Weiss bereits
entscheidend im Vorteil gewesen mit ca. +2,00} Nf6 {ein schwacher Buchzug,
deutlich besser ist Lxc3, Stockfish +2,00 für Weiss mit der Fortsetzung
Sb5} 8. Be2 {der nächste ganz schlechte Buchzug, danach ist nahezu der
gesamte Vorteil dahin, Stockfish +0,50 für Weiss} d6 9. O-O Nc6 {Buchende}
10. d5 {Buchende} Nxd5??? {Buchbewertung Mephisto Berlin 68000: +0,42 eine
völlige Fehleinschätzung / der erste berechnete Zug ist ganz schlecht,
danach steht Weiss bereits klar auf Gewinn, Komodo +2,20 mit der
Fortsetzung Sxd5, nötig war Lxc3 mit nur geringem Vorteil für Weiss} 11.
Nxe4 {Buchbewertung Novag Diamond II: -0,38 / deutlich schwächer als Sxd5,
danach ist Weiss noch ca. mit +1,30 im Vorteil} O-O 12. Ng5? {deutlich
schwächer als c3, Stockfish nur noch +0,80 für Weiss} Qf6 13. Bd3? {ganz
schwach, damit verspielt Weiss den gesamten Vorteil, die Stellung ist im
Lot, nötig war c3 mit ca. +1,00 für Weiss} Bf5 14. Qf3 Nce7 15. Be4 Qd4 16.
Bxb4 Bxe4 17. Qxe4 Qxe4 18. Nxe4 Nxb4 19. c3 Nbd5 20. Rfe1 b5 21. Na3 Rab8
22. c4 bxc4 23. Nxc4 Nc6 24. Rad1 Ndb4 25. Nc3 a6 26. a3 Nc2 27. Re4 Rbe8
28. Rxe8 Rxe8 29. Nd5 N6d4 30. b4 Rd8 31. Rd2 Rd7 32. Na5 c5 {die Stellung
ist im Lot} 33. Nc4 Na1 {weniger gut, deutlich besser ist cxb4, nach dem
Textzug ist Weiss etwas im Vorteil, Stockfish +0,80 mit der Fortsetzung f3}
34. Ncb6 {das bringt allerdings keinen Vorteil für Weiss, die Stellung ist
wieder im Lot} Rb7 35. Rd1 Nac2 36. Rd3 Kf7 37. bxc5 dxc5 38. f4 Ke6 39.
Rh3 Kd6 40. Rxh7 {die Stellung ist im Lot, Stockfish 0,00} Nxa3 41. Rh5 Kc6
42. Na4 Rf7 43. Ne3 Ne2+ 44. Kh1 Nxf4 45. Rxc5+ Kb7 46. Re5 Nd3 47. Re8 Nb5
48. Rd8 Nf4 49. Nb2 Re7 50. Nbc4 Na3 51. Kg1 Nxc4 52. Nxc4 Kc7 53. Rg8 {die
Stellung ist immer noch im Lot, Stockfish 0,00} Nd3 54. h3 {lt. Stockfish
gleichwertig, aber warum nicht gleich h4 ?, trotzdem 0,00} Kc6 55. Nd2 Nf4
56. Nf3 Kb7 57. Rf8 Ne2+ 58. Kf2 a5 59. Nh4 {Stockfish bewertet das nur mit
+0,20 für Schwarz, jeder menschliche Spieler würde aber wohl eher Sd2
ziehen und sich nicht so weit vom A-Bauern entfernen, danach wäre die
Stellung auch exakt im Lot} Nd4 60. Rf4 Rd7 61. Nf3 {wieder alles im Lot,
Stockfish 0,00} Nxf3 62. Kxf3 Kb6 63. Ke2 Ra7 64. Kd3 Rc7 65. Re4 Kb5 66.
Re5+ Kb4 67. Re8 Rc3+ 68. Kd4 Rg3 69. Rb8+ {die Stellung ist Remis,
Stockfish 0,00} Ka3 70. Re8 Rxg2 71. Kc4 Ka4 72. Rh8 Rg3 73. Rh5 g5 74. Rh8
Ka3 75. Rf8??? {Und nun kommt doch noch der spielentscheidende Fehler und
Novag Diamond II verschenkt neuerlich den ganzen Punkt, Stockfish +10,00
mit der Fortsetzung a4} a4 76. Rf5 Rxh3??? {doch nun wirft auch Mephisto
Berlin 68000 den Sieg hin, nach dem Textzug ist die Partie wieder Remis,
gewonnen hätte natürlich Kb2 !} 77. Rxg5 Rb3 78. Ra5 Rb8 79. Rd5 Rb4+ 80.
Kc5 Rb2 81. Kc4 Ka2 82. Ra5 a3 83. Kc3 {Novag Diamond II sieht sich
verloren: -3,30 / Stockfish 0,00} Rb3+ {Mephisto Berlin 68000 glaubt auch
noch an den Gewinn: +2,21} 84. Kc2 Rb7 85. Rc5 Rb2+ 86. Kc3 Rb3+ 87. Kc2
Rb8 88. Kc3 Rb1 89. Rd5 Rb3+ 90. Kc4 1/2-1/2
[/pgn]
[pgn]

[Event "Turnier 40 / 120"]
[Site "Wien"]
[Date "2022.08.10"]
[Round "42"]
[White "Mephisto Berlin 68000 - 12 MHZ"]
[Black "Novag Diamond II H8 - 32 MHZ"]
[Result "1-0"]
[BlackElo "2135"]
[WhiteElo "2138"]

{Analyse ------> Stockfish 15} 1. e4 e5 2. Nf3 Nc6 3. Bb5 a6 4. Bxc6 dxc6
5. d4 exd4 6. Qxd4 Qxd4 7. Nxd4 Bd7 8. Be3 O-O-O 9. Nc3 Re8 10. O-O-O Bb4
11. Nde2 {Buchende} f5 12. Bd4 {Buchbewertung Mephisto Berlin 68000: -0,12}
Nf6 {Buchende} 13. e5 Ne4 {Buchbewertung Novag Diamond II: -0,34 / lt.
Stockfish ist die Stellung etwa gleich} 14. Nxe4 fxe4 15. a3 Ba5 {deutlich
schwächer als Le7, danach steht Weiss etwas besser, Stockfish +0,60 mit der
Fortsetzung Sg3} 16. h3 {klar schwächer als Sg3, die Stellung ist wieder im
Lot} Bb6 17. Ng3 Bxd4 18. Rxd4 Rxe5 19. Re1 Rd5 20. Rdxe4 Kd8 21. h4 Re8
22. f3 c5 23. Rxe8+ Bxe8 24. Ne4 Bf7 25. b3 c4 {deutlich besser ist b6,
nach dem Textzug ist Weiss im Vorteil, Stockfish +0,80 mit der Fortsetzung
b4} 26. b4 a5 27. Nc3 Rd4 28. Re4 Rd6??? {ein ganz schlechter Zug, danach
ist die Partie bereits verloren, Stockfish +2,00 mit der Fortsetzung bxa5,
nötig war Txe4 mit nur sehr geringem Vorteil für Weiss} 29. bxa5 Ra6?
{nochmals klar schwächer als Tf6, danach ist bereits alles vorbei,
Stockfish -3,00} 30. Rg4 {klar schwächer als Te5, aber Weiss steht klar auf
Gewinn, Stockfish +2,30} g6 31. Rg5 h6 {etwas besser ist noch Tf6, die
Stellung nähert sich der Hoffnungslosikeit für Schwarz, Stockfish -3,30}
32. Re5? {Mephisto Berlin 68000: +0,60 / klar schwächer als Tb5, Stockfish
+2,00} Kd7? {ein ganz schlechter Zug, deutlich mehr Widerstand leistet Tf6,
Stockfish -4,00} 33. Ne4 {besser ist Kd2, Stockfish +3,00} Ra7 34. Kb2 Ra8?
{mehr Widerstand leistet noch b6, nach dem Textzug ist nichts mehr zu
retten für Schwarz, Stockfish -5,00 mit der Fortsetzung Kc3} 35. Kc3 Bg8
36. Nd2 Kd6 37. f4 Bd5 38. Nxc4+ {Stockfish +6,50} Kc6 39. h5?? {ein ganz
schlechter Zug um ganze 2 Bauerneinheiten schlechter als g3, ändert aber
nichts mehr an dem klaren Gewinn von Weiss, Stockfish +4,20} gxh5 40. Rxh5
Bxg2 41. Rxh6+ Kc5 42. Rh7 Rc8 43. a4 Bd5 44. Ne3 Ba2 45. Rh5+ Kc6 46. Rh6+
Kd7 47. a6 bxa6 48. Rxa6 Rg8 49. a5 Rg3 50. Kd4 {Stockfish +6,50, da ist
nichts mehr zu retten für Schwarz} Rf3 51. Ke4 Rh3 52. Rg6 Rh5 53. Rg5 Rh6
54. Ng4 Ra6 55. Ne5+ Kc8 56. Nd3 Re6+ 57. Re5 Rd6 58. Nb4 Bc4 59. Rc5 Bf1
60. Ke5 Rd1 61. Nd5 Bg2 62. Rxc7+ {Rest geschenkt} 1-0
[/pgn]
[pgn]

[Event "Turnier 40 / 120"]
[Site "Wien"]
[Date "2022.08.11"]
[Round "43"]
[White "Novag Diamond II H8 - 32 MHZ"]
[Black "Mephisto Berlin 68000 - 12 MHZ"]
[Result "1-0"]
[BlackElo "2138"]
[WhiteElo "2135"]

{Analyse -----> Stockfish 15} 1. e4 c5 2. Nf3 d6 3. d4 cxd4 4. Nxd4 Nf6 5.
Nc3 e6 6. Be2 a6 7. O-O Be7 8. f4 O-O 9. Kh1 Qc7 10. a4 Nc6 11. Be3 Re8 12.
Bf3 Rb8 13. Qd2 {Buchende} Bd7 {Buchende} 14. Nxc6 {Buchbewertung Novag
Diamond II: +0,23} bxc6 {Buchbewertung Mephisto Berlin 68000: +0,18 / lt.
Stockfish ist die Stellung etwa gleich} 15. b3 Bc8 16. Rad1 c5 {besser ist
Lb7, Stockfish +1,00 für Weiss mit der Fortsetzung e5} 17. Qe2 {das bringt
allerdings keinen Vorteil für Schwarz, die Stellung ist wieder im Lot} Bb7
18. Rf2 {immer noch verdiente e5 klar den Vorzug, nach dem Textzug steht
Schwarz bereits etwas besser, Stockfish +0,50} Rec8 {besser ist Tbd8, die
Stellung ist im Lot} 19. Qc4 Qa5 20. Bd2 Qb4 21. Qe2 Qb6 22. e5 Ne8 23. a5
Bxf3 24. Rxf3 Qc6 25. f5 {leichten Vorteil versprach Sa4, nach dem Textzug
ist die Stellung im Lot, Stockfish 0,00} dxe5 26. Qxe5 Bf6 27. Qe4 exf5 28.
Qxf5 Nd6 29. Qd5 Nb5 30. Qxc6 Rxc6 31. Nd5 Nd4 32. Nxf6+ Rxf6 33. Rxf6 gxf6
34. Bf4 Rb5 35. Bh6 Rxa5 36. g4 Ra2??? {ein Verlustzug, danach ist die
Partie sofort verloren, Stockfish +3,00 für Weiss mit der Fortsetzung c3,
nötig war Tb5 mit nur sehr geringem Vorteil für Weiss} 37. c3 Ne6 38.
Rd6??? {an dieser Stelle hat Novag Diamond II grosses Pech, denn er
verwirft im allerletzten Moment den Gewinnzug Td7, zugunsten des Textzuges,
da er diesen um 0,03 besser bewertet, dieser Zug ist um ganze 3
Bauerneinheiten !!! schlechter und verspielt nahezu den gesamten Vorteil,
Stockfish nur noch +0,50 für Weiss} Ra1+ 39. Kg2 Ra2+ 40. Kg1 Ra1+ 41. Kf2
Ra2+ 42. Kg3 Rc2 43. c4 Rc3+ 44. Kg2 Rxb3 45. Rxa6 Rb8 {die Stellung ist im
Lot, Stockfish 0,00} 46. Kf3 Re8 47. h4 Nd4+ 48. Kf4 Rd8 49. Rb6 Re8 50.
Rxf6 Ne2+ 51. Kf3 Nd4+ 52. Kg3 Re4 53. Rf2 Re6 54. Bg5 Kg7 55. h5 Re4 56.
Bf6+ Kf8 57. Rb2 Re3+?? {ein ganz schlechter Zug, damit ist die Partie
praktisch verloren, Stockfish +2,20 für Weiss, nötig war Ke8 und alles ist
im Lot} 58. Kg2 Re8 59. h6 Re4 {ein absoluter Verlustzug, danach ist alles
vorbei, Stockfish Matt in 24} 60. Rb8+ Re8 61. Rxe8+ Kxe8 62. Bxd4 cxd4 63.
Kf3 Kd7 64. Ke4 d3 65. Kxd3 Kd6 66. g5 Ke5 67. Kc3 Ke6 68. Kd4 Kf5 69. Kd5
Kxg5 70. c5 Kxh6 71. c6 Kg5 72. c7 h5 73. c8=Q Kg6 74. Ke5 f6+ {Mephisto
Berlin 68000: Selbstmatt in 7 -----> aufgegeben !} 1-0
[/pgn]
[pgn]